Представление документа в формате RUSMARC

ПолеНазваниеЗначение
  Тип записи a
  Библиографический уровень a
001 Контрольный номер RU/IS/BASE/615394251
005 Дата корректировки 20240207193005.5
100 Данные общей обработки __
a Данные общей обработки 20190702d2019 ||| 0rusy0189 ca
101 Язык документа 0_
a Язык текста rus
102 Страна публикации __
a Страна публикации RU
105 Кодированные данные (монография) __
a Кодированные данные (монография) y###||||000|y
200 Заглавие и сведения об ответственности 1_
a Заглавие Где начинается Россия
b Общее обозначение материала Текст
e Сведения, относящиеся к заглавию [о животных, вулканах Камчатки; история и достопримечательности города Петропавловск-Камчатский]
f Первые сведения об ответственности Г. Киселёв
461 Уровень набора _0
1 2001
a Детская роман-газета
463 Уровень физической единицы _0
1 2001
a № 6
v С. 24-28 : фот.
1 210
d 2019
606 Тематические рубрики 0_
a Основная рубрика География отдельных территорий
y Географическая подрубрика Камчатка, полуостров, Россия
606 Тематические рубрики 0_
a Основная рубрика История отдельных местностей России
y Географическая подрубрика Петропавловск-Камчатский, город
610 Ключевые слова 0_
a Ключевые слова география отдельных территорий
610 Ключевые слова 0_
a Ключевые слова история отдельных местностей России
610 Ключевые слова 0_
a Ключевые слова природа Камчатки
610 Ключевые слова 0_
a Ключевые слова животные Камчатки
610 Ключевые слова 0_
a Ключевые слова вулканы Камчатки
610 Ключевые слова 0_
a Ключевые слова достопримечательности городов
610 Ключевые слова 0_
a Ключевые слова история городов России
610 Ключевые слова 0_
a Ключевые слова города России
610 Ключевые слова 0_
a Ключевые слова полуостров Камчатка
686 Индексы других классификаций __
a Классификационный индекс 26.89(2Рос-4Кач)
2 Код системы rubbk
686 Индексы других классификаций __
a Классификационный индекс 63.3(2Рос-4Кач)
2 Код системы rubbk
700 Автор _1
a Фамилия Киселёв
b Имя (инициалы) Г.
790 Имя лица - альтернативная форма __
a Имя лица - альтернативная форма Киселев
801 Источник записи _0
a Страна RU
b Организация Ульяновская ОБДЮ
c Дата составления 20190702
g Правила каталогизации RCR
801 Источник записи _1
a Страна RU
b Организация Ульяновская ОБДЮ
c Дата составления 20190702
g Правила каталогизации RCR
901 Тип документа __
t Тип документа b
910 Корректоры записи __
a Корректор записи Ульянова Е.А.
919 __
a Ульянова Е.А.
d Киселев
938 Служебная информация __
a Имя БД BibStat
b Имя библиотеки ОБДЮ